01090nam a2200193Ia 4500001001100000003001000011008004100021040002500062041001300087100001800100245003100118250001100149260005500160300001200215500026200227501011400489520026200603650003100865L922-42022IT-CnALBA170116s9999||||xx |||||||||||||| ||und|| aIT-CnALBAcIT-CnALBA aITALIANO aVANDROMME POL 0aPIERRE DRIEU LA ROCHELLE.  a1a ed. a TORINO. ROMAbBORLA EDITORE c1965 [1° Ed.:1965] a160 p.  aTRADUZIONE DAL FRANCESE. PRESENTAZIONE. CENNI BIOGRAFICI. OPERE. NASCITA A PARIGI. SCUOLA DI SCIENZE POLITICHE. BOCCIATO. PENSIERO DI SUICIDIO. TENTATIVI DIVERSI DI SUICIDIO. MORTE SUICIDA. VITA MILITARE. FERITO PIÙ VOLTE. LIBRO DI POESIE. MATRIMONIO E DI aSocietà San Paolo EM - Piazza San Paolo, 14 - 12051 ALBA (CN) (non commercial uses only) ® Copyright 2017 aTRADUZIONE DAL FRANCESE. PRESENTAZIONE. CENNI BIOGRAFICI. OPERE. NASCITA A PARIGI. SCUOLA DI SCIENZE POLITICHE. BOCCIATO. PENSIERO DI SUICIDIO. TENTATIVI DIVERSI DI SUICIDIO. MORTE SUICIDA. VITA MILITARE. FERITO PIÙ VOLTE. LIBRO DI POESIE. MATRIMONIO E DI aBIOGRAFIE, UOMINI ILLUSTRI